effect of different solution rates on growth of chines cabbage ( Brassica pekinensis) by hydroponice ឥទ្ធិពលនៃកម្រិតទឹកសូលុយស្យុងខុសគ្នាលើការលូតលាស់ដំណាំស្ពៃក្រញញ់ ដាំតាមបច្ចេកទេស​ (Record no. 19175)

000 -LEADER
fixed length control field 00744nam a22001577a 4500
003 - CONTROL NUMBER IDENTIFIER
control field LRUA
005 - DATE AND TIME OF LATEST TRANSACTION
control field 20200429143900.0
008 - FIXED-LENGTH DATA ELEMENTS--GENERAL INFORMATION
fixed length control field 200429b xxu||||| |||| 00| 0 eng d
040 ## - CATALOGING SOURCE
Transcribing agency RUA
082 ## - DEWEY DECIMAL CLASSIFICATION NUMBER
Classification number AGR PRO 2017 B663 Or.1
100 ## - MAIN ENTRY--PERSONAL NAME
9 (RLIN) 14245
Personal name PRUM PHATYUTH ព្រុំ ផាត់យុទ្ធ
245 ## - TITLE STATEMENT
Title effect of different solution rates on growth of chines cabbage ( Brassica pekinensis) by hydroponice ឥទ្ធិពលនៃកម្រិតទឹកសូលុយស្យុងខុសគ្នាលើការលូតលាស់ដំណាំស្ពៃក្រញញ់ ដាំតាមបច្ចេកទេស​
260 ## - PUBLICATION, DISTRIBUTION, ETC. (IMPRINT)
Place of publication, distribution, etc. RUA
Name of publisher, distributor, etc. Phnom penh
Date of publication, distribution, etc. 2017
300 ## - PHYSICAL DESCRIPTION
Extent ix22p
Other physical details ill;
Dimensions 29cm
942 ## - ADDED ENTRY ELEMENTS (KOHA)
Source of classification or shelving scheme
Koha item type RUB

No items available.

មជ្ឈមណ្ឌលឯការនៃសាកលវិទ្យាល័យភូមិន្ទកសិកម្មចំការដូង

Powered by Koha